00457nam a2200181Ia 4500008004100000020001300041050001400054100002400068245002700092245005500119260001500174260001600189260000900205300001600214300002700230300001000257500000800267170918s9999 xx 000 0 und d a64401847 bP296 1977 aPaterson, Katherine aBridge to Terabithia / cKatherine Paterson ; illustrated by Donna Diamond. aNew York : bScholastic, c1977 a163 pages : bcolored illustration ; c19cm. a810